000 01472cam a2200289 i 4500
003 SA-RiAUC
005 20250409064307.0
008 250408s2008 su g b f000 0 ara c
020 _a9789960591902
040 _aSA-RiIMS
_bara
_cSA-RiAUC
_erda
043 _aa-su---
082 0 4 _a016.953121
_bا ع م
_qSA-RiAUC
090 _a016.953121
_b س ن ي
100 1 _aالسنيدي، عبد العزيز بن راشد بن عبد الكريم،
_d1382 هجري-
_eمؤلف.
245 1 0 _aمعجم ما ألف عن مكة المكرمة عبر العصور :
_bوثائق وتقارير-أدلة وخرائط-كتب متنوعة-رسائل جامعية-أبحاث ومقالات وغيرها، في جميع التخصصات المختلفة باللغة العربية وعدد من اللغات الأخرى /
_cعبد العزيز بن راشد السنيدي.
246 3 4 _aمعجم ما ألف عن مكة المكرمة عبر العصور
264 1 _aالرياض :
_bدارة الملك عبد العزيز،
_c2008
300 _a568 صفحة ؛
_c25 × 17 سم.
336 _aنص
_btxt
_2rdacontent
_3كتاب
337 _aبدون وسيط
_bn
_2rdamedia
338 _aمجلد
_bnc
_2rdacarrier
490 0 _aإصدارت دارة الملك عبد العزيز ؛
_v218
506 _aلا يعار.
651 7 _aمكة المكرمة
_xتاريخ
_vببليوجرافيات
_2aucsh
942 _2ddc
_cBOOK
_n0
949 _aSA-JeALM
_d250408
_uosman123
_n1
999 _c6790
_d6790